
Library Catalogue

| 000 -LEADER | |
|---|---|
| fixed length control field | 01453cam a22002054a 4500 |
| 001 - CONTROL NUMBER | |
| control field | 12376230 |
| 005 - DATE AND TIME OF LATEST TRANSACTION | |
| control field | 20260205050843.0 |
| 008 - FIXED-LENGTH DATA ELEMENTS--GENERAL INFORMATION | |
| fixed length control field | 010411s2001 maua b 001 0 eng |
| 010 ## - LIBRARY OF CONGRESS CONTROL NUMBER | |
| LC control number | 2001024420 |
| 020 ## - INTERNATIONAL STANDARD BOOK NUMBER | |
| International Standard Book Number | 9780674006119 |
| 082 ## - DEWEY DECIMAL CLASSIFICATION NUMBER | |
| Classification number | 595.798 GAD |
| 100 1# - MAIN ENTRY--PERSONAL NAME | |
| Personal name | Gadagkar, Raghavendra |
| 245 14 - TITLE STATEMENT | |
| Title | The social biology of Ropalidia marginata : |
| Remainder of title | toward understanding the evolution of eusociality / |
| Statement of responsibility, etc. | Raghavendra Gadagkar |
| 260 ## - PUBLICATION, DISTRIBUTION, ETC. | |
| Place of publication, distribution, etc. | Cambridge : |
| Name of publisher, distributor, etc. | Harvard University Press, |
| Date of publication, distribution, etc. | 2001. |
| 300 ## - PHYSICAL DESCRIPTION | |
| Extent | xiii, 368 p. : |
| Other physical details | ill. ; |
| Dimensions | 25 cm. |
| 505 ## - Contents | |
| Contents | Part I: Introduction 1. A Primer of Eusociality 2. In Praise of Ropalidia Part II: Social Biology 3. Some Methodological Necessities 4. Natural History 5. Behavioral Caste Differentiation 6. Dominance Behavior and Regulation of Worker Activity 7. Age and Division of Labor Part III: The Evolution of Eusociality 8. The Theoretical Framework 9. Genetic Predisposition I: Intracolony Genetic Relatedness 10. Genetic Predisposition II: Kin and Nestmate Recognition 11. Ecological Predisposition 12. Physiological Predisposition 13. Demographic Predisposition 14. Synthesis 15. Factors That Remain to Be Explored Part IV: Beyond Ropalidia marginata: Social Evolution, Forward and Reverse 16. A Route to Sociality 17. The Evolution of Caste Polymorphism 18. Reverse Social Evolution Summary References Index |
| 650 #0 - SUBJECT ADDED ENTRY--TOPICAL TERM | |
| Topical term or geographic name entry element | Ropalidia marginata |
| General subdivision | Behavior. |
| 650 #0 - SUBJECT ADDED ENTRY--TOPICAL TERM | |
| Topical term or geographic name entry element | Insect societies. |
| 942 ## - ADDED ENTRY ELEMENTS (KOHA) | |
| Source of classification or shelving scheme | Dewey Decimal Classification |
| Koha item type | BOOKs |
| Withdrawn status | Lost status | Damaged status | Not for loan | Collection code | Home library | Current library | Shelving location | Date acquired | Cost, normal purchase price | Total Checkouts | Full call number | Barcode | Date last seen | Price effective from | Koha item type |
|---|---|---|---|---|---|---|---|---|---|---|---|---|---|---|---|
| NLS | NLS | NAB Compactor | 05/11/2018 | 0.00 | 595.798 GAD | 35448 | 05/11/2018 | 05/11/2018 | BOOKs |